| 000 | 01333cam a2200337 a 4500 | ||
|---|---|---|---|
| 001 | 3962037 | ||
| 003 | Ke-BoTe | ||
| 005 | 20230124020004.0 | ||
| 008 | 940928s1995 moua b 001 0 eng c | ||
| 010 | _a 94039540 | ||
| 020 | _a080167882X | ||
| 040 |
_aDNLM/DLC _cDLC _dDLC |
||
| 050 | 0 | 0 |
_aRJ245 _b.W47 1995 |
| 060 | 0 | 0 | _aWY 159 W872w 1994 |
| 082 | 0 | 0 |
_a610.73/62 _220 |
| 100 | 1 |
_aWong, Donna L., _d1948- _97433 |
|
| 245 | 1 | 0 |
_aWhaley & Wong's nursing care of infants and children / _cDonna L. Wong ; contributing editor, David Wilson. |
| 250 | _a5th ed. | ||
| 260 |
_aSt. Louis : _bMosby, _cc1995. |
||
| 300 |
_axxxvi, 2008 p. : _bill. (some col.) ; _c29 cm. |
||
| 500 | _aRev. ed. of: Nursing care of infants and children / Lucille F. Whaley, Donna L. Wong. 4th ed. c1991. | ||
| 504 | _aIncludes bibliographical references and index. | ||
| 650 | 0 |
_aPediatric nursing. _93989 |
|
| 650 | 1 | 2 |
_aPediatric Nursing. _93989 |
| 700 | 1 |
_aWilson, David, _d1950 August 25- _97602 |
|
| 700 | 1 |
_aWhaley, Lucille F., _d1923- _tNursing care of infants and children. _97603 |
|
| 740 | 0 | _aNursing care of infants and children. | |
| 906 |
_a7 _bcbc _corignew _d1 _eocip _f19 _gy-gencatlg |
||
| 942 |
_2lcc _cBK _n0 _02 |
||
| 999 |
_c3575 _d3575 |
||